01781nam a2200241Ia 4500001000600000003000900006008004100015040001300056040001300069041001300082100001100095100002900106245008400135245008600219250001100305260001100316260001100327260004900338300005700387500102800444650003601472650003101508H8522IT-RoPAU130308s9999 xx 000 0 und d aIT-RoPAU cIT-RoPAU aITALIANO aAA.VV. gCodice Aut. SPICS: 12000 a23a settimana internazionale della critica - 65a mostra cinematografica Venezia b23Ø settimana internazionale della Critica - 65Ø mostra Cinematografica Venezia a1a ed. aMILANO bElecta c2008 [1° Ed.:2008 - Ed.Ling.Originale:2008] a"110 p. (prefazione: no ; testo: 110 [pagine: 0-0])" a"Due Funzioni della Sic di B. torri. Tempo di bilanci di F. Di Pace. 7 Film: L'Apprendi L'Apprendista di S. Collardey, a Piccoli passi Verso Vita di M. Causo; Cuvari Noci Guardiani di Notte di N. Kabil, Piccoli rituali nel Silenzio di una Notte di S. Silvestri; Huanggua Cetriolo di Z. Yaowu, Pechinooggi Ecco Cina senza Medaglie di A. De Grandis; Iki Cizgi Due linee di S. Evci, Binari Paralleli di M. Lombardi; Kabuli Kid Il bambino di Kabul di B.Akram, Vita Innanzitutto Anche a Kabul di S. Silvestri; Pranzo di Ferragosto di G. Di Gregorio, Vecchiette senza Arsenico Ne' Merletti di M. Lombardi; E11.Ou7! Sell Out! Vendi di Y. Joon Han, Amori senza Certificato di garanzia di M. Causo; Eventi Speciali: Lonsj di E. Sorhaug, Altra faccia del candore Umanità e gli Uccelli nell'Apparente Serenità Norvegese; Pinuccio Lovero sogno di una Morte di mezza Estate di P. Mezzapesa, Provincia dei paesaggi con figure di G. De Pascale. settimana internazionale della Critica di Venezia: programmi delle precedenti Edizioni." aMANIFESTAZIONI CINEMATOGRAFICHE eCodice materia Spics: 6815